<The> flight of the creative class <the> new global competition for talent

Na minha lista:
Detalhes bibliográficos
Autor principal: Florida, Richard
Formato: Livro
Idioma:inglês
Publicado em: Harper Paperbacks
Tags: Adicionar Tag
Sem tags, seja o primeiro a adicionar uma tag!

MARC

LEADER 00000nam$a2200000$$$4500
001 0114549
005 20240822101656.2
020 |a 9780060756918 
041 0 |a eng 
245 1 0 |a <The> flight of the creative class  |b <the> new global competition for talent  |c Richard Florida 
264 1 |c Harper Paperbacks 
100 1 |a Florida, Richard